Thats the way the cookie crumbles / (Record no. 1105)

MARC details
000 -LEADER
fixed length control field 00781cam a22002654a 4500
005 - DATE AND TIME OF LATEST TRANSACTION
control field 20230831095159.0
020 ## - INTERNATIONAL STANDARD BOOK NUMBER
International Standard Book Number 9780439680677
040 ## - CATALOGING SOURCE
Original cataloging agency DLC
Transcribing agency DLC
Modifying agency DLC
Language of cataloging eng
050 00 - LIBRARY OF CONGRESS CALL NUMBER
Classification number PZ7.M47396
082 ## - DEWEY DECIMAL CLASSIFICATION NUMBER
Classification number Fic
100 1# - MAIN ENTRY--PERSONAL NAME
Personal name Mazer, Anne
245 10 - TITLE STATEMENT
Title Thats the way the cookie crumbles /
Statement of responsibility, etc. Abby Mazer.
260 ## - PUBLICATION, DISTRIBUTION, ETC.
Place of publication, distribution, etc. New York :
Name of publisher, distributor, etc. Scholastic Inc.,
Date of publication, distribution, etc. 2005.
300 ## - PHYSICAL DESCRIPTION
Extent 119 pages ;
Dimensions 20 cm
Other physical details illustrations
490 0# - SERIES STATEMENT
Series statement Apple series
490 1# - SERIES STATEMENT
Series statement Amazing days of Abby Hayes ;
Volume/sequential designation Book 16
505 ## - FORMATTED CONTENTS NOTE
Formatted contents note N <br/>
520 ## - SUMMARY, ETC.
Summary, etc. Abby Hayes breaks her school's rules by having a bake sale.
521 ## - TARGET AUDIENCE NOTE
Target audience note 570 <br/>
Source Lexile <br/>
521 ## - TARGET AUDIENCE NOTE
Target audience note N <br/>
Source Raz-Plus <br/>
655 #7 - INDEX TERM--GENRE/FORM
Genre/form data or focus term Children's stories.
Source of term lcsh
906 ## - LOCAL DATA ELEMENT F, LDF (RLIN)
a 7
b cbc
c orignew
d 2
e ncip
f 20
g y-gencatlg
942 ## - ADDED ENTRY ELEMENTS (KOHA)
Source of classification or shelving scheme Dewey Decimal Classification
Koha item type Books
Suppress in OPAC No
999 ## -
-- 1105
-- 1105
Holdings
Withdrawn status Lost status Source of classification or shelving scheme Damaged status Not for loan Collection Home library Current library Shelving location Date acquired Total Checkouts Full call number Barcode Date last seen Price effective from Koha item type
    Dewey Decimal Classification     Juvenile Fiction Footprints International School Library Network Toul Kork Campus Footprints International School Library Network Toul Kork Campus   07/31/2023   MAZ Fic PZ7.M47396 FIS00342 07/31/2023 07/31/2023 Books